50 Wonders of the World : (Record no. 581949)

MARC details
000 -LEADER
fixed length control field 00466nam a2200193 a 4500
008 - FIXED-LENGTH DATA ELEMENTS--GENERAL INFORMATION
fixed length control field 250813s2009##################000#0#eng##
020 ## - INTERNATIONAL STANDARD BOOK NUMBER
ISBN 9781849160032
082 04 - DEWEY DECIMAL CLASSIFICATION NUMBER
Classification number 909
Item number THO
100 1# - MAIN ENTRY--AUTHOR NAME
Personal name Thomson, Hugh,
245 10 - TITLE STATEMENT
Title 50 Wonders of the World :
260 ## - PUBLICATION, DISTRIBUTION, ETC. (IMPRINT)
Name of publisher Quercus Books,
Year of publication 2009.
300 ## - PHYSICAL DESCRIPTION
Number of Pages 191 pages
650 #0 - SUBJECT ADDED ENTRY--TOPICAL TERM
Topical Term Architecture.
942 ## - ADDED ENTRY ELEMENTS (KOHA)
Koha item type English Books
Holdings
Withdrawn status Lost status Damaged status Not for loan Home library Current library Shelving location Date acquired Full call number Accession Number Price effective from Koha item type
        Anna Centenary Library Anna Centenary Library 7TH FLOOR, B WING 13.08.2025 909 THO 413368 13.08.2025 English Books

Find us on the map